California studies in classical antiquity.

Bibliographic Details
New Title:Classical antiquity (Online)
Uniform Title:California studies in classical antiquity (Online)
Format: Serial
Language:English
Published: Berkeley : University of California Press, 1968-1979.
Subjects:
Online Availability: Check for online availability

MARC

Tag First Indicator Second Indicator Subfields
LEADER 00000cas a2200000 a 4500
001 in00002783218
005 20151202171814.0
006 m o d
007 cr |||||||||||
008 740306d19681979cauar oo 0 0eng d
010 |a  2008234466 
016 7 |a 978850319  |2 DE-101 
016 7 |a 2225756-1  |2 DE-600 
022 |y 0068-5895 
029 1 |a GWDNB  |b 978850319 
035 |a (OCoLC)ocm61283824 
035 |a (OCoLC)61283824 
040 |a QCL  |c QCL  |d OCLCQ  |d EYM  |d HUL  |d GWDNB  |d OCLCQ  |d TXA  |d UtOrBLW 
042 |a lcd 
049 |a TXAM 
050 1 4 |a PA1  |b .C3 Electronic 
082 0 4 |a 913.3/8/03 
130 0 |a California studies in classical antiquity (Online) 
245 1 0 |a California studies in classical antiquity. 
264 1 |a Berkeley :  |b University of California Press,  |c 1968-1979. 
310 |a Annual 
336 |a text  |b txt  |2 rdacontent 
337 |a computer  |b c  |2 rdamedia 
338 |a online resource  |b cr  |2 rdacarrier 
362 0 |a Vol. 1 (1968)-v. 12 (1979). 
500 |a Title from cover (JSTOR, viewed Nov. 21, 2008). 
500 |a "Papers ... contributed chiefly by faculty members and graduate students on the various campuses of the University of California." 
538 |a Mode of access: World Wide Web. 
555 |a Vols. 1-5, 1968-72, in v. 5. 
500 |a Electronic resource. 
650 0 |a Classical philology  |v Periodicals. 
776 0 8 |i Print version:  |t California studies in classical antiquity  |x 0068-5895  |w (DLC) 68026906  |w (OCoLC)822603 
785 0 0 |t Classical antiquity (Online)  |x 1067-8344  |w (DLC)sn 93004785  |w (OCoLC)27357526 
948 |a cataloged  |b h  |c 2012/12/11  |d c  |e spoltoratski  |f 2:15:44 pm  |g sc 
994 |a C0  |b TXA 
999 |a MARS 
999 f f |s 73591bd9-168b-31eb-acc4-2e737f573778  |i e78e7249-7448-34ad-9b85-fd16ec86feb2  |t 0 
952 f f |a Texas A&M University  |b College Station  |c Electronic Resources  |d Available Online  |t 0  |e PA1 .C3  |g Electronic  |h Library of Congress classification 
998 f f |a PA1 .C3  |t 0  |l Available Online